| 000 | 00774nam a22002177a 4500 | ||
|---|---|---|---|
| 005 | 20150520120703.0 | ||
| 008 | 140714b xxu||||| |||| 00| 0 Urdu d | ||
| 010 | _aUR-8934 | ||
| 020 |
_c200.00 _a9789350730867 |
||
| 035 | _aU-7489 | ||
| 037 | _bBPPD/Pub/Ven | ||
| 040 |
_aDPL _bUrdu |
||
| 082 | _a840.08 | ||
| 100 | _aمحمد ا بر ا ر ا لبا ر ی | ||
| 245 |
_aعر فا ن ا د ب :ا د بی و تنقيد ی مضا مين _cمحمد ا بر ا ر ا لبا ر ی |
||
| 246 |
_aI rfan-e- Adab _bBy Mohd. Abrarul Baqui |
||
| 260 |
_bEducational Publishing House _c2012 _aDelhi |
||
| 270 |
_a3108,Vakil Street Kucha Pandit,Lal Kuan _bDelhi _k01123216162 _e110006 |
||
| 300 |
_a128ص _c22Cm (Hb) |
||
| 942 |
_2ddc _cUR _e _h840.08 _mم ح م |
||
| 999 |
_c93778 _d93778 |
||